Aplikácia indikátorov metodiky hodnotenia zodpovedného podnikania

Testovanie a ciele metodiky pri plánovaní prehodnotenia postupov a reportovania ZP. Zvýšenie transparentnosti a dôveryhodnosti ZP stanovením systémov na jeho monitorovanie v nových členských štátoch EÚ. Podstata metodológie indikátorov hodnotenia ZP a výsledky testovania podnikov.

Saved in:
Bibliographic Details
Main Author: Dubcová, Gabriela, 1968-
Format: Book Chapter
Language:Slovak
Subjects:
Tags: Add Tag
No Tags, Be the first to tag this record!

MARC

LEADER 00000naa$a2200000$$$4500
001 0144420
005 20240502072605.4
041 0 |a slo 
044 |a SK 
245 1 0 |a Aplikácia indikátorov metodiky hodnotenia zodpovedného podnikania  |c Gabriela Dubcová 
520 |a Testovanie a ciele metodiky pri plánovaní prehodnotenia postupov a reportovania ZP. Zvýšenie transparentnosti a dôveryhodnosti ZP stanovením systémov na jeho monitorovanie v nových členských štátoch EÚ. Podstata metodológie indikátorov hodnotenia ZP a výsledky testovania podnikov. 
610 2 0 |a podnik 
610 2 0 |a podnikanie 
610 2 0 |a prostredie podnikateľské 
610 2 0 |a stratégia podnikateľská 
610 2 0 |a podnikanie zodpovedné 
610 2 0 |a etika podnikateľská 
610 2 0 |a zodpovednosť spoločenská 
610 2 0 |a transparentnosť 
610 2 0 |a reporting 
610 2 0 |a metodika 
100 1 |a Dubcová, Gabriela, 1968-